1417 1672 1233 1193 1678 1336 1981 1576 1699 1388 1320 1169 1791 1498 1318 1216 1355 1911 1863 1311 1366 1444 1310 1640 1663 1661 1367 1095 1765 1734 1278 1819 1839 1223 1832 1243 1182 1545 1706 1503 1213 1352 1994 1738 1040 1842 1422 1953 1389 1963 1710 1418 1893 1385 1148 1967 1051 1941 1765 1804 1150 1124 1305 1834 1251 1916 1002 1853 1296 1492 1126 1805 1778 1223 1424 1348 1673 1147 1549 1673 1778 1762 1922 1674 1853 1662 1626 1156 1213 1946 1406 1212 1766 1057 1341 1116 1317 1898 1493 BCNSPRNW ULIB Ver.6.0+V

เปลี่ยนเป็นภาษาไทย

Change to English
 แสดงรายละเอียดบรรณานุกรม
  กลับหน้าหลัก

Brief Record : Get Marc (ISO 2709) : E-mail record : QR code < ปิดหน้าต่าง
LEADER : 00000nam 2200000uu 4500
001    13399123262
003     ULIB
008    020711s2549 th a 000 0 tha d
020    9789749785560
060    DS578.32^bอ476ต
100    อัครวัฒน์ โอสถานุเคราะห์
245    ตามรอยบาทพระราชชนนี
250    พิมพ์ครั้งที่ 5
260     ^bม.ป.ท.,^c2549
300    224 หน้า
945    ^p199^l0^i019642
รายการนี้ยังไม่มีแท็ก
คุณยังไม่ได้ล็อกอิน คุณสามารถมีกิจกรรมร่วมกับเว็บไซต์ได้ แต่ต้องล็อกอินก่อน ::
  ล็อกอิน

รายการสื่อสารสนเทศ

ลำดับที่ ประเภท เลขเรียก/บาร์โค้ด สถานที่ สถานะ
1. การศึกษาทั่วไป
การศึกษาทั่วไป
DS578.32 อ476ต ฉ.1 
  Barcode: 019642
ห้องสมุดวิทยาเขตสวรรค์ประชารักษ์
►หนังสือทั่วไป
บนชั้น

BibComment


ยังไม่เคยถูกคอมเมนท์

คอมเมนท์ทรัพยากรรายการนี้
  คอมเมนท์: ตามรอยบาทพระราชชนนี


 Copyright 2026. Bcnsprnw @Library